| 000 | 00000nam 22000008a 4500 |
| 001 | 9.851073 |
| 003 | CaOODSP |
| 005 | 20221107154316 |
| 007 | cr ||||||||||| |
| 008 | 180202s2018 onc o f000 0 fre d |
| 020 | |a978-0-660-24793-9 |
| 040 | |aCaOODSP|bfre |
| 043 | |an-cn--- |
| 086 | 1 |aH14-243/4-2018F-PDF |
| 086 | 1 |zH14-243/1-2018F-PDF |
| 245 | 00|aSaviez-vous que le Canada a une loi sur les bons samaritains secourant les victimes de surdose? |h[ressource électronique]. |
| 260 | |a[Ottawa] : |bSanté Canada, |c2018. |
| 300 | |a[2] p. |
| 500 | |aPubl. aussi en anglais sous le titre : Did you know that Canada has a good samaritan drug overdose law? |
| 500 | |aTitre de départ. |
| 520 | |a« Le 4 mai 2017, le Parlement du Canada a adopté la Loi sur les bons samaritains secourant les victimes de surdose, qui a ajouté un nouvel article à la Loi réglementant certaines drogues et autres substances en ce qui concerne les exemptions relatives à la simple possession (art. 4.1) ». |
| 692 | 07|2gccst|aConsommation de drogues |
| 692 | 07|2gccst|aLégislation |
| 710 | 1 |aCanada. |bSanté Canada. |
| 775 | 08|tDid you know that Canada has a good samaritan drug overdose law? |w(CaOODSP)9.851072 |
| 856 | 40|qPDF|s125 Ko|uhttps://publications.gc.ca/collections/collection_2018/sc-hc/H14-243-4-2018-fra.pdf |
| 986 | |aPub. : 170422 |